000 00336nam a2200133Ia 4500
005 20260328104310.0
008 260328s9999||||xx |||||||||||||| ||und||
100 _aSuárez Jaen, Omar
245 0 _aGeografia de Panamá /
_cOmar Suárez Jaen
260 _bUniversidad de Panamá
300 _a472 p.
650 _aPANAMÁ
942 _cBK
999 _c10907
_d10907